000 00291nam a2200133Ia 4500
100 _aDyer & Dyer
942 _cBK
654 _aManagement
245 _aEnjoyment of Management
260 _bTaraporevala Publshing Industries
_c2001
082 _a658
300 _a187
546 _aENGLISH
999 _c29469
_d29469